Nesmrtelné následky /
Temná romance, ve které šest studentů internátní školy bojuje o šanci vstoupit mezi Povýšené, nebo riskovat a přejít do jiného světa, o kterém ale nikdo nic neví.
Uloženo v:
| Série: | Duše Blackwoodské akademie,
část 1 |
|---|---|
| Hlavní autor: | |
| Další autoři: | |
| Médium: | Kniha |
| Jazyk: | Czech |
| Vydáno: |
V Praze :
CooBoo,
2026
|
| Vydání: | 1. vydání |
| Témata: | |
| Celkem bylo vypůjčeno: | 0x |
| Příbuzné jednotky: | Z cyklu::
Duše Blackwoodské akademie |
| Tagy: |
Žádné tagy |
| LEADER | 02488nam a2200481 i 4500 | ||
|---|---|---|---|
| 001 | 106344 | ||
| 003 | CZ PrNK | ||
| 005 | 20260514075959.0 | ||
| 007 | ta | ||
| 008 | 260427s2026 xr d 000 f cze | ||
| 015 | |a cnb003754490 | ||
| 020 | |a 9788026741961 |q (brožováno) : |c Kč 549,00 | ||
| 040 | |a ABG001 |b cze |e rda | ||
| 041 | 1 | |a cze |h eng | |
| 072 | 7 | |a 821.111(73)-3 |x Americká próza |2 Konspekt |9 25 | |
| 072 | 7 | |a 821-93 |x Literatura pro děti a mládež (beletrie) |2 Konspekt |9 26 | |
| 080 | |a 821.111(73)-31 |2 MRF | ||
| 080 | |a 821-93-053.67 |2 MRF | ||
| 080 | |a (0:82-312.9) |2 MRF | ||
| 100 | 1 | |a Marie, I. V. |7 xx0344599 |4 aut | |
| 240 | 1 | 0 | |a Immortal consequences. |l Česky |
| 245 | 1 | 0 | |a Nesmrtelné následky / |c I.V. Marie ; přeložila Kristýna Wanková |
| 250 | |a 1. vydání | ||
| 264 | 1 | |a V Praze : |b CooBoo, |c 2026 | |
| 300 | |a 485 stran ; |c 21 cm | ||
| 336 | |a text |b txt |2 rdacontent | ||
| 337 | |a bez média |b n |2 rdamedia | ||
| 338 | |a svazek |b nc |2 rdacarrier | ||
| 500 | |a Přeloženo z angličtiny | ||
| 520 | 2 | |a Temná romance, ve které šest studentů internátní školy bojuje o šanci vstoupit mezi Povýšené, nebo riskovat a přejít do jiného světa, o kterém ale nikdo nic neví. |b Vítejte na Blackwoodské akademii, tajemné internátní škole stojící na pomezí života a smrti. Jakmile člověk projde její klenutou branou, není cesty zpět, kromě Decenále, jedinečné oslavy konané jednou za deset let. Během ní je jediný vyvolený student podroben sérii zkoušek a dostává na výběr: Buď absolvovat a připojit se k magické elitě Blackwoodu, nebo přejít na tajemný Druhý břeh. Tentokrát se však pravidla změnila. Toto Decenále není oslavou - je to soutěž. A vítěz může být jen jeden. Nakladatelská anotace. Kráceno. | |
| 655 | 7 | |a americké romány |7 fd131796 |2 czenas |9 53403 | |
| 655 | 7 | |a fantasy romány |7 fd184199 |2 czenas |9 54250 | |
| 655 | 7 | |a literatura young adult |7 fd1185572 |2 czenas |9 114939 | |
| 655 | 9 | |a American fiction |2 eczenas | |
| 655 | 9 | |a fantasy novels |2 eczenas | |
| 655 | 9 | |a young adult literature |2 eczenas | |
| 700 | 1 | |a Wanková, Kristýna, |d 1989- |7 xx0202606 |4 trl |9 28842 | |
| 710 | 2 | |a CooBoo (nakladatelství) |7 xx0255713 |4 pbl |9 117181 | |
| 787 | 0 | 8 | |i Z cyklu: |t Duše Blackwoodské akademie |g 1 |
| 910 | |a UOG502 | ||
| 942 | |2 ddc |c KN | ||
| 999 | |d 106344 | ||
| 993 | |0 0 |1 421180107065 |2 ddc |4 0 |7 0 |9 99727 |b 0 |c 107065 |d 2026-05-14 |e 0 |f DOSP |h 549.00 |i Koupě |l DOSP |r 2026-05-14 |t 6 |w 2026-05-14 |y KN |z BELETM |n | ||